| 000 | 00571n a2200169 a 4500 | ||
|---|---|---|---|
| 000 | BKB | ||
| 001 | 070585 | ||
| 005 | 20200902150843.0 | ||
| 020 | _a9780749460709 | ||
| 082 |
_a659.2 _bC14I |
||
| 100 | _aCambie, Silvia | ||
| 245 |
_aInternational Communications Strategy: developments in cross-cultural communications, PR and social media _cby Silvia Cambie and Yang-May Ooi |
||
| 260 |
_aLondon _bKogan Page _c2010 |
||
| 300 | _axvii, 222p. | ||
| 690 | _aPublic relations; Social media; Intercultural communication; Leadership | ||
| 700 |
_aOoi, Yang-May _b _c |
||
| 999 |
_c4016 _d4016 |
||